| 000 | 00376cam a2200145ua 4500 | ||
|---|---|---|---|
| 041 |
_aeng _h |
||
| 082 |
_a949.5 _bHAM/HI |
||
| 100 | _aHammond, N.G.L . | ||
| 245 |
_aHistory of Greece, to 322 B C / _cN.G..L Hammond. _hTextual Documents |
||
| 260 |
_aLondon : _bOxford at the Clarendon Press , _c1959. |
||
| 300 | _a689 ; . | ||
| 504 | _a | ||
| 942 | _cBK | ||
| 999 |
_c688 _d688 |
||